| 000 | 00828cam a22002777a 4500 | ||
|---|---|---|---|
| 003 | CHAP | ||
| 005 | 20220329141422.0 | ||
| 008 | 971013s r 00010 d | ||
| 010 | _a67840 | ||
| 011 | _a68812 | ||
| 035 | _a78286 | ||
| 040 | _cCHAP | ||
| 090 | _aR-2667 | ||
| 100 | 0 | 0 |
_aGolob, P. _948598 |
| 245 | 0 | _aTechniques for sampling bagged produce | |
| 500 | _aSobretiro de: Tropical Stored Products Inf. 31: 37-48,1976 | ||
| 590 |
_aBATCH-UPD _b10 _c20130110 _lUCH01 _h2308 |
||
| 590 |
_aBATCH-UPD _b10 _c20130410 _lUCH01 _h1600 |
||
| 590 |
_aBATCH-UPD _b10 _c20130914 _lUCH01 _h1056 |
||
| 590 |
_aCONVERSION _b10 _c20130109 _lUCH01 _h1337 |
||
| 650 | 1 | 4 |
_aCostales. _928497 |
| 650 | 1 | 4 |
_aProductos agrÃcolas _xAlmacenamiento. _991897 |
| 901 | _aBK | ||
| 942 | _cREIMP | ||
| 949 |
_aR-2667 _bBC _cR _d-31160 _eTS1 _i78286 _si |
||
| 999 |
_c67840 _d67840 |
||